<?xml version="1.0" encoding="UTF-8"?>
<record
    xmlns:xsi="http://www.w3.org/2001/XMLSchema-instance"
    xsi:schemaLocation="http://www.loc.gov/MARC21/slim http://www.loc.gov/standards/marcxml/schema/MARC21slim.xsd"
    xmlns="http://www.loc.gov/MARC21/slim">

  <leader>02030naa a2200217 i 4500</leader>
  <controlfield tag="001">232463</controlfield>
  <controlfield tag="003">ES-MaBCM</controlfield>
  <controlfield tag="005">20260224131500.0</controlfield>
  <controlfield tag="008">260224b        sp ||||| |||| 00| 0 spa d</controlfield>
  <datafield tag="040" ind1=" " ind2=" ">
    <subfield code="c">ES-MaBCM</subfield>
  </datafield>
  <datafield tag="100" ind1="1" ind2=" ">
    <subfield code="a">Becerril Atienza, Bel&#xE9;n</subfield>
    <subfield code="9">4150</subfield>
  </datafield>
  <datafield tag="245" ind1="1" ind2=" ">
    <subfield code="a">El Grupo de Amigos de la Mayor&#xED;a Cualificada. Una propuesta pragm&#xE1;tica para la aplicaci&#xF3;n gradual de la mayor&#xED;a cualificada en la Pol&#xED;tica Exterior y de Seguridad Com&#xFA;n de la Uni&#xF3;n Europea</subfield>
    <subfield code="c">Bel&#xE9;n Becerril Atienza</subfield>
  </datafield>
  <datafield tag="520" ind1=" " ind2=" ">
    <subfield code="a">El debate sobre la posible extensi&#xF3;n de la votaci&#xF3;n por mayor&#xED;a cualificada al &#xE1;mbito de la Pol&#xED;tica Exterior y de Seguridad Com&#xFA;n es tan antiguo como la propia historia de esta pol&#xED;tica. Los obst&#xE1;culos para su efectiva aplicaci&#xF3;n no han desparecido, pero el singular uso del veto ejercido por algunos Estados miembros en los &#xFA;ltimos a&#xF1;os y los desaf&#xED;os que afronta la Uni&#xF3;n en la escena internacional han constituido un poderoso incentivo para el cambio. La creaci&#xF3;n en 2023, a instancias de Alemania, del Grupo de Amigos de la Mayor&#xED;a Cualificada, puso de manifiesto la voluntad de varios Estados miembros de dar pasos concretos para superar el veto. En este art&#xED;culo se exponen las alternativas que se barajan con ese fin y la propuesta planteada por siete ministros del Grupo de Amigos en 2023. Tambi&#xE9;n se aborda la declaraci&#xF3;n de 2024 de los miembros del Panel de Expertos creado para asesorar al Grupo de Amigos, del que form&#xF3; parte la autora de este art&#xED;culo. Por &#xFA;ltimo, se plantea una propuesta para avanzar en la aplicaci&#xF3;n de la mayor&#xED;a cualificada, teniendo en cuenta la efectividad y legitimidad del proceso de toma decisiones.</subfield>
  </datafield>
  <datafield tag="610" ind1="2" ind2="7">
    <subfield code="a">Uni&#xF3;n Europea</subfield>
    <subfield code="9">52895</subfield>
  </datafield>
  <datafield tag="650" ind1=" " ind2="0">
    <subfield code="a">Pol&#xED;tica com&#xFA;n de seguridad y defensa </subfield>
    <subfield code="9">121581</subfield>
  </datafield>
  <datafield tag="650" ind1=" " ind2="7">
    <subfield code="a">Toma de decisiones</subfield>
    <subfield code="9">58225</subfield>
  </datafield>
  <datafield tag="650" ind1=" " ind2="0">
    <subfield code="a">Gobernanza</subfield>
    <subfield code="9">119021</subfield>
  </datafield>
  <datafield tag="651" ind1=" " ind2="4">
    <subfield code="a">Pa&#xED;ses de la Uni&#xF3;n Europea</subfield>
    <subfield code="9">115358</subfield>
  </datafield>
  <datafield tag="773" ind1=" " ind2=" ">
    <subfield code="d">Bilbao</subfield>
    <subfield code="g">n. 73 (2025), p. 29-57 - Loc. En l&#xED;nea </subfield>
    <subfield code="t">Cuadernos Europeos de Deusto</subfield>
    <subfield code="w">185052</subfield>
  </datafield>
  <datafield tag="942" ind1=" " ind2=" ">
    <subfield code="2">udc</subfield>
    <subfield code="c">AREV</subfield>
  </datafield>
  <datafield tag="999" ind1=" " ind2=" ">
    <subfield code="c">232463</subfield>
    <subfield code="d">232463</subfield>
  </datafield>
  <datafield tag="952" ind1=" " ind2=" ">
    <subfield code="0">0</subfield>
    <subfield code="1">0</subfield>
    <subfield code="2">udc</subfield>
    <subfield code="4">0</subfield>
    <subfield code="7">0</subfield>
    <subfield code="a">BC</subfield>
    <subfield code="b">BC</subfield>
    <subfield code="c">SALA</subfield>
    <subfield code="d">2026-02-24</subfield>
    <subfield code="e">C</subfield>
    <subfield code="l">0</subfield>
    <subfield code="r">2026-02-24 13:14:53</subfield>
    <subfield code="w">2026-02-24</subfield>
    <subfield code="y">AREV</subfield>
  </datafield>
</record>
